Statistics for Random French Words #1

Click here to take the quiz!

General Stats

  • This quiz has been taken 65,549 times
  • The average score is 19 of 24

Answer Stats

French English % Correct
OuiYes
98%
MoiMe
93%
TroisThree
93%
NoirBlack
92%
FleurFlower
92%
FromageCheese
91%
VousYou
90%
AdieuFarewell
90%
NouveauNew
88%
EauWater
85%
AvecWith
84%
FauxFalse
84%
EscargotSnail
83%
PainBread
83%
BeaucoupLots
81%
JourDay
80%
NomName
79%
MardiTuesday
78%
ChaiseChair
67%
CœurHeart
65%
GaucheLeft
60%
HauteHigh
56%
ChefBoss
51%
EnnuiBoredom
34%

Score Distribution

Percentile by Number Answered

Percent of People with Each Score

Your Score History

You have not taken this quiz